| 000 | 00394pab a2200157 454500 | ||
|---|---|---|---|
| 008 | 180718b1991 xxu||||| |||| 00| 0 eng d | ||
| 100 | _aKazmi, Azhar | ||
| 245 |
_aJute _bNeed for closer Indo - Bangla Co - operation |
||
| 260 | _c1991 | ||
| 300 | _a20-2,34 | ||
| 362 | _a16-28 Feb. | ||
| 650 | _aJute Industry and Trade | ||
| 700 | _aAhmed, Sirajuddin | ||
| 773 | _aYojana | ||
| 909 | _a11773 | ||
| 999 |
_c11773 _d11773 |
||